000 00669nam a22002297a 4500
003 UA-OsUOA
001 53530
007 ta
008 20151027b un ||||| |||| 00| 0 ukr d
090 _a09.-82-3
_bК14
942 _cBK
040 _aUA-OsUOA
_bukr
_cUA-OsUOA
_dUA-OsUOA
245 _aКазки Вільгельма Гауффа
300 _a160 с.
955 _a4
041 _aukr
080 _a09.-82-3
260 _aКатеринослав; Відень
_c1919
650 7 _a0 Загальний відділ.
_2UDC
999 _c433652
_d433652